MDQL
is popping MORE tags! Check the
thread
!
Quizzes
Events
Quiz Creation
Community
Videos
Private Events
Remove Ads
Sign In
Join for FREE
Feedback
Dark Mode
Quiz Categories
Sports
Geography
Music
Movies
Television
Just For Fun
Miscellaneous
History
Literature
Language
Science
Gaming
Entertainment
Religion
Holiday
For Kids
Quiz Lab
Recent
Popular Today
Quiz Kudos Today
Editor Picks
Curator Picks
Quizzes by...
Day
Popularity
Type
Ratings
Length
Year
Community
Subscriptions
Recent Discussions
Orange Saloon
Badges
Playlists
Quests
Create
Leaderboards
Showdown
Live 5
Trivia Bingo
Activity
Puzzle Library
Sporcle Events
Private Events
Virtual Trivia
Globe League
Become a Host
Pub Owners
SporcleCon
Opinionation
Our Games
Videos
Blog
Mobile Apps
Partnerships
Remove Ads and Go Orange
Feedback
Television
TV Characters
TV Show
Sitcom
Network
Friends
Reality Shows
Cast
South Park
Star Trek
The Simpsons
Doctor Who
Television
TV Characters
TV Show
Sitcom
Network
Friends
Reality Shows
Cast
South Park
Star Trek
The Simpsons
Doctor Who
Random Quiz
Search Sporcle
×
Quiz Lab
Quiz Lab
Television
Show
Type in answers that appear in a list
Type in answers that appear in a list
Classic
Best Score? Go Orange.
Same-Name TV Characters II Stats
Can you name the last names of these TV characters, all of whom share first names with other TV characters?
By
giveupyet
7m
36 Questions
147 Plays
147 Plays
147 Plays
Comments
Comments
Give Quiz Kudos
Give Quiz Kudos
-
- Ratings
hide this ad
More Info
Replay
Link that replays current quiz
Next Quiz
Link to next quiz in quiz playlist
You Got
0%
They Got
Avg Score
38%
Avg Friend Score
Upgrade to see
Score Distribution
Jump to the score distribution portion of the page
Score
0/36
Timer
07:00
0
Plays Today
First Names
Last Names
% Correct
Lisa
Simpson
88.4%
Al
Bundy
83.7%
Will
Smith
80.3%
Jack
Bauer
74.1%
Eric
Cartman
72.8%
Joey
Tribbiani
72.1%
Eric
Forman
71.4%
Tommy
Pickles
65.3%
Alex
Keaton
61.2%
Kelly
Kapowski
56.5%
Daphne
Crane
49.7%
Al
Borland
46.3%
Lisa
Cuddy
46.3%
Gloria
Stivic
43.5%
Will
Schuester
40.1%
Kelly
Kapoor
39.5%
Doug
Funnie
39.5%
Joey
Gladstone
38.1%
First Names
Last Names
% Correct
Doug
Heffernan
38.1%
Will
Truman
30.6%
Kelly
Taylor
29.3%
Jack
Donaghy
28.6%
Gloria
Delgado-Pritchett
27.9%
Alex
Karev
26.5%
Tommy
Walker
21.8%
Eric
Delko
17%
Daphne
Blake
15.6%
Alex
Rieger
12.9%
Lisa
Douglas
12.9%
Jack
Gallo
11.6%
Al
Delvecchio
10.9%
Joey
Jeremiah
10.2%
Daphne
Powell
4.8%
Doug
Penhall
4.8%
Gloria
Akalitus
4.1%
Tommy
Strawn
3.4%
Quiz Playlist
Details
Report
Send in Message
Add To Playlist
More Info:
Part I: http://www.sporcle.com/games/giveupyet/samenamegame
Classic:
Type in answers that appear in a list
Last Updated: Feb 16, 2017
Quiz Scoreboard
CHALLENGE
Sign Up to Join the Scoreboard
Show All
Scores
Hide
Comments
May contain spoilers
Recently Published
Find the 'City' Movie
by crazypaving
Movies
60s
5x2 Blitz: Bands
by SL_Kpop136
Music
30s
Colored Red Africa Blitz
by spor1
Geography
30s
More to Explore
Quiz From the Vault
Featured Blog Post
14 Easter Pick-up Lines to Find Eggs With
hide this ad
You Might Also Like...
Tags
Show Quiz
Character
last
share
Today's Top Quizzes in Television
Browse Television
hide this ad
Today's Top Quizzes in Show
Browse Show
Top Contributed Quizzes in Television
1
Survivor Journey Challenge
2
Brooklyn Nine Nine Logic Puzzle (How-To-Play)
3
Phoebe Buffay Quotes
4
Survivor Trivia
5
Total Drama Characters
6
Survivor Logic Puzzle: Heroes vs. Villains
7
One Tree Hill Logic Puzzle
8
Survivor Heroes vs. Villains Logic Puzzle
9
All US Survivor Seasons in Order
10
Adjectives in 00s TV Shows
Explore More
Trending Topics
Marvel
Harry Potter
Kpop
Crossword
Disney
Anime
NBA
NFL
Soccer
Puzzle
WWE
The Office
Country
Pokémon
Song
hide this ad
More By:
giveupyet
Quiz
Plays
Rating
Category
Featured
Created
Disney Films in 8 Words
1,597,194
4.46
Movies
Oct 5, 2010
Disney-pedia: The Disney Princesses
418,482
4.20
Movies
Apr 12, 2013
Disney-pedia
289,642
4.49
Movies
Jan 16, 2013
The Answer Is a Film Title
288,028
4.55
Movies
Feb 18, 2014
Halfsies: Taylor Swift Songs
218,292
4.45
Music
Apr 27, 2014
Go to Creator's Profile
Score Distribution
Quiz Creator Spotlight
giveupyet
Follow
Send a Message
Quizzes Created
-
Created Quiz Play Count
-
More By This Creator
Popular Quizzes Today
1
Colored Red Africa Blitz
2
Find the 'City' Movie
3
Find the US States - No Outlines Minefield
4
5x2 Blitz: Bands
5
The Countries of the World
6
Find the US States
7
Find the Countries of Europe - No Outlines Minefield
8
US States
More Television Quizzes
Who Said It? Parks and Rec
Published
Trending Quizzes
Colored Red Europe Blitz I
Colored Red Europe Blitz II
Colored Red Africa Blitz II
Colored Red Europe Blitz III
Colored Red Africa Blitz III
Recently Updated
How Do You Spell That?
pecheneg
Godzilla Movies
pecheneg
Grab Bag: 4-10 Letters
pecheneg
2024 March Madness Bracket
pecheneg
Famous TV Couples
Peacemaker
Champions League XIs: Real Madrid
pecheneg
Largest US Cities 1790-2010
pecheneg
Rides in Walt Disney World
pecheneg
Most Oscar Losses (Acting)
pecheneg
Beyoncé Albums
pecheneg
Trending Topics
Kpop
Crossword
Disney
Harry Potter
Marvel
NBA
Anime
Pokémon
NFL
Song
The Office
Country
Soccer
WWE
Puzzle
Your Account Isn't Verified!
In order to create a playlist on Sporcle, you need to verify the email address you used during registration. Go to your
Sporcle Settings
to finish the process.
Report this User
Report this user for behavior that violates our
Community Guidelines
.
Details:
Send Report
Go to the Sporcle.com Mobile Site →
Comments